[Event "XVIII Najdorf Open 2018"]
[Site "Warsaw"]
[Date "2018.07.16"]
[Round "9"]
[White "Deszczynski, Adam"]
[Black "Sanz Wawer, Daniel"]
[Result "1/2-1/2"]
[WhiteElo "2345"]
[BlackElo "2233"]
[Annotator "TA"]
[PlyCount "128"]
[EventDate "2018.07.08"]
[EventCountry "POL"]
[SourceTitle "playchess.com"]
[Source "ChessBase"]
[SourceQuality "1"]

{[%evp 20,128,107,103,118,81,97,72,80,94,79,79,82,65,77,76,81,50,58,57,66,52,59,50,50,50,48,44,44,44,44,39,66,49,62,61,64,73,70,41,41,41,44,41,59,48,62,22,70,61,64,68,77,48,123,123,123,123,123,114,123,116,344,339,538,533,531,515,1038,1038,1019,1016,934,638,1014,1011,940,393,918,852,1025,943,883,795,1061,1061,967,823,1030,1000,1968,1502,29964,12562,29970,29968,29969,29970,29970,29971,2449,8,8,8,8,8,8,8,8,0,8]} 1. e4 c6 2. d4 d5 3. Nc3 dxe4 4. Nxe4 Bf5 5. Ng3 Bg6 6. Nh3 h6 7. Nf4 Bh7 8. Bc4 Nf6 9. O-O {B18: Classical Caro-Kann: 4...Bf5 sidelines} Nbd7 (9... Na6 10. c3 Nc7 11. Qb3 e6 12. Qxb7 Qd7 13. Ngh5 Nfd5 14. Nxd5 cxd5 15. Bb5 Qxb5 16. Qxc7 Qb6 {1-0 (46) Lugovskoy,M (2489)-Mikhailov,S (2304) Taganrog 2016}) 10. Re1 Nb6 11. Bb3 {LiveBook: 4 Games. White is better.} Qd7 12. c3 Nbd5 13. Ngh5 O-O-O $146 ({Predecessor:} 13... e6 14. Nxf6+ gxf6 15. Nxd5 cxd5 {0-1 (39) Nemeth,H (1896)-Da Silva,A (1941) Campo Mourao 2011}) 14. Nxf6 exf6 15. Nxd5 cxd5 16. Bf4 Bd6 17. Bxd6 Qxd6 18. Qg4+ Kb8 19. Re3 ({Wrong is} 19. Qxg7 $2 Bg6 $19) 19... Be4 20. Qg3 f5 {aiming for ...f4.} 21. Qxd6+ Rxd6 22. f3 f4 23. Ree1 Bf5 $1 24. Re5 Be6 25. Kf2 a6 26. Rae1 Kc7 27. h4 h5 28. Bc2 Kd7 29. Bf5 g6 30. Bd3 Rc8 31. g3 fxg3+ 32. Kxg3 Re8 33. f4 f6 34. R5e2 Bf7 35. Rxe8 Bxe8 $14 {[%mdl 4096] Endgame KRB-KRB} 36. Kf2 Re6 ({Black should play} 36... Rb6 $14) 37. Rxe6 $1 $16 Kxe6 {[#] KB-KB} 38. f5+ $1 gxf5 39. Ke3 Bg6 {White must now prevent ...f4+!} 40. Kf4 Bh7 $2 (40... a5 $16) 41. c4 $18 dxc4 (41... a5 {might work better.} 42. Bxf5+ Bxf5 43. cxd5+ Kxd5 44. Kxf5 Kxd4) 42. Bxc4+ Ke7 43. b4 Bg6 (43... b5 $142 44. Bd5 Kd7) 44. a4 Kd6 45. a5 Kc7 46. Be6 Kc6 47. Bxf5 Be8 48. Be6 Bg6 $2 (48... Kb5 49. d5 Kxb4) 49. Bc8 Bd3 {[#]} 50. Bf5 $1 Be2 51. Be4+ Kb5 52. Kf5 Kxb4 53. Kxf6 Kxa5 54. d5 Kb6 55. d6 Bb5 56. Bg6 (56. Ke7 $142 a5 57. Bg6 Kc5 58. Bxh5 Kd5 59. Bf7+ Kd4 60. Be8 Bxe8 61. Kxe8) 56... a5 57. Bxh5 a4 58. Bf7 a3 59. Ke7 Kc5 60. d7 $2 (60. h5 $18 Bc4 61. d7 Bxf7 62. d8=Q Bxh5 63. Qa5+ b5 64. Qxa3+ Kc4 65. Qe3) 60... Bxd7 $1 $11 {The position is equal.} 61. Kxd7 Kd4 $1 62. Ke7 {Intending h5 and mate.} Ke5 $1 63. Be6 Kf4 $1 64. Bf7 Ke5 {Precision: White = 68%, Black = 59%.} 1/2-1/2

[Event "XVIII Najdorf Open 2018"]
[Site "Warsaw"]
[Date "2018.07.16"]
[Round "9"]
[White "Oglaza, Oskar"]
[Black "Ostrovskiy, Andrey"]
[Result "1-0"]
[WhiteElo "2344"]
[BlackElo "2431"]
[Annotator "TA"]
[PlyCount "73"]
[EventDate "2018.07.08"]
[EventCountry "POL"]
[SourceTitle "playchess.com"]
[Source "ChessBase"]
[SourceQuality "1"]

{[%evp 15,73,-14,-8,2,20,10,15,5,19,28,20,-8,10,-25,-23,-30,-19,-30,-34,-22,-43,-31,-21,-62,0,0,106,104,166,142,197,194,185,180,257,237,358,357,357,357,356,356,349,335,333,325,540,542,622,607,700,695,861,852,1031,795,960,966,5479,5293]} 1. e4 e5 2. Nf3 Nc6 3. d4 exd4 4. Nxd4 Nf6 5. Nxc6 bxc6 6. Qe2 {C45: Scotch Game} (6. Bd3 d5 7. e5 Ng4 8. O-O Bc5 9. Bf4 g5 10. Bd2 O-O 11. Nc3 Nxe5 12. Qh5 Nxd3 13. cxd3 f6 14. Rac1 Bf5 15. Rfe1 Bxd3 16. Qh3 Bg6 17. Qe6+ {½-½ (57) Vachier Lagrave,M (2789)-Anand,V (2759) Paris 2018}) 6... a5 7. e5 Nd5 8. c4 Nb6 {LiveBook: 3 Games} 9. Nc3 Bb4 $146 ({Predecessor:} 9... Ba6 10. b3 Bb4 11. Qc2 Qe7 12. Be2 Qxe5 13. Bb2 O-O {1-0 (34) Wilczek,R (2132)-Shchebenyuk,N (2108) ICCF email 2016}) 10. Qg4 Kf8 11. Qg3 Ba6 12. a3 Be7 13. Qf4 d5 14. exd6 Bxd6 15. Qf3 Qe8+ 16. Be3 Nxc4 17. Bxc4 Bxc4 18. O-O-O Qd7 19. Bc5 Be6 (19... Bb3 $15) 20. Rd4 $11 Bd5 (20... Bb3 $11) 21. Bxd6+ $16 Qxd6 (21... cxd6 $16 {was necessary.} 22. Nxd5 cxd5) 22. Nxd5 $18 {Black must now prevent Nf4.} cxd5 (22... Re8 $16 23. Rhd1 cxd5) 23. Rxd5 Qh6+ 24. Kb1 Rb8 (24... Qg6+ $142 25. Rf5 c6) 25. Rhd1 Qe6 (25... Qg6+ $142 26. Ka1 Qf6 27. Qxf6 gxf6 28. Rxa5 Rg8) 26. Rd8+ Ke7 {[#]} 27. R1d7+ $1 {[%mdl 512]} Qxd7 28. Rxd7+ Kxd7 29. Qxf7+ {[%mdl 4096] Endgame KQ-KRR} Kc6 30. Qxg7 Rhd8 $2 (30... h5 31. f4 Rhf8) 31. Qxh7 {White is clearly winning.} Rb5 32. Qe4+ Kb6 33. g4 {[%cal Bg2g4,Bg4g5,Bg5g6,Bg6g7][%mdl 32]} Rc5 {[#]} 34. g5 $1 Rd1+ (34... Rxg5 35. Qe3+) 35. Ka2 Rcc1 36. g6 c5 37. g7 {Precision: White = 81%, Black = 19%.} 1-0

[Event "XVIII Najdorf Open 2018"]
[Site "Warsaw"]
[Date "2018.07.16"]
[Round "9"]
[White "Chylewski, Patryk"]
[Black "Mulet, Piotr"]
[Result "1/2-1/2"]
[WhiteElo "2335"]
[BlackElo "2202"]
[Annotator "TA"]
[PlyCount "34"]
[EventDate "2018.07.08"]
[EventCountry "POL"]
[SourceTitle "playchess.com"]
[Source "ChessBase"]
[SourceQuality "1"]

{[%evp 9,34,7,24,-19,-4,-17,-9,-26,-30,-36,-41,-30,-40,-33,-37,-52,-9,-40,-43,-54,-46,-52,-51,-45,-39,-50,-55]} 1. d4 Nf6 2. c4 g6 3. Nc3 d5 4. Bf4 Bg7 5. Rc1 dxc4 {LiveBook: 10 Partien} (5... Nh5 6. Bd2 e5 7. e3 exd4 8. exd4 O-O 9. cxd5 Nf6 10. Bc4 c6 11. dxc6 Qxd4 12. Qe2 Nxc6 13. Nf3 Qd8 14. h3 Na5 15. O-O Re8 16. Be3 Nxc4 17. Qxc4 Be6 18. Qa4 Nd5 19. Bd4 Nb6 20. Qb4 Bf8 {½-½ (20) Aleksandrov,A (2559)-Artemiev,V (2682) Minsk 2017}) 6. e3 {D82: Grünfeldindisch (4.Lf4)} Be6 7. Nf3 c6 8. Ng5 {Die Stellung ist ausgeglichen.} Bd5 9. e4 h6 10. exd5 hxg5 11. dxc6 $1 Nxc6 12. Bxg5 $146 ({Vorgänger:} 12. Be3 Qd6 13. Bxc4 Rxh2 14. Rxh2 Qxh2 {½-½ (60) Burnier,D (2316)-Bakalarz,M (2378) France 2006}) 12... Qa5 13. Bxf6 Bxf6 {Schwarz steht etwas besser.} 14. d5 Ne5 15. Be2 O-O-O 16. O-O Kb8 17. Qc2 Rh4 1/2-1/2

[Event "XVIII Najdorf Open 2018"]
[Site "Warsaw"]
[Date "2018.07.16"]
[Round "9"]
[White "Paszewski, Mateusz"]
[Black "Kucharska, Honorata"]
[Result "1/2-1/2"]
[WhiteElo "2322"]
[BlackElo "2029"]
[Annotator "TA"]
[PlyCount "50"]
[EventDate "2018.07.08"]
[EventCountry "POL"]
[SourceTitle "playchess.com"]
[Source "ChessBase"]
[SourceQuality "1"]

{[%evp 13,50,12,45,18,72,68,122,58,58,33,41,32,62,38,40,33,51,45,86,89,122,24,54,25,32,0,0,10,12,0,0,0,0,0,0,0,0,0,0]} 1. e4 d6 2. d4 Nf6 3. Nc3 e5 4. Nge2 Nbd7 5. h3 g6 6. g4 {B07: Pirc Defence: Miscellaneous Systems} Bg7 7. Bg2 c6 {LiveBook: 5 Games} (7... O-O 8. Be3 a6 9. a4 b6 10. O-O Bb7 11. f4 exd4 12. Nxd4 {0-1 (37) Fressinet,L (2696)-Vachier Lagrave,M (2715) Clichy 2011}) 8. a4 {White is slightly better.} a5 (8... exd4 $11 9. Qxd4 (9. Nxd4 O-O $11) 9... Nc5) 9. Be3 $16 Qe7 ({Black should play} 9... O-O $14) 10. O-O $146 (10. Qd2 $16) ({Predecessor:} 10. Qd2 O-O 11. O-O b6 12. Ng3 Ba6 {½-½ (73) Becerra Rivero,J (2558)-Hoffmann,A (2307) New York 2003}) 10... O-O 11. Ng3 Ne8 {[%cal Bf6e8,Be8c7,Bc7e6,Be6d4][%mdl 32]} 12. Qd2 Nc7 13. f4 exf4 14. Bxf4 Ne6 15. Be3 Nb6 {[#]} 16. b3 $1 c5 17. d5 ({White should try} 17. dxc5 $16 Nxc5 18. Bd4) 17... Nd4 18. Rae1 Nd7 19. Bg5 Qe5 {The position is equal.} 20. Bf4 $36 {[%mdl 2048] White is pushing.} Qe7 21. Bg5 Qe5 22. Nge2 b6 23. Bf4 Qe7 24. Bg5 Qe5 25. Bf4 Qe7 $1 {Precision: White = 41%, Black = 41%.} 1/2-1/2

[Event "XVIII Najdorf Open 2018"]
[Site "Warsaw"]
[Date "2018.07.16"]
[Round "9"]
[White "Krstulovic, Alex"]
[Black "Spitzl, Vinzent"]
[Result "0-1"]
[WhiteElo "2305"]
[BlackElo "2241"]
[Annotator "TA"]
[PlyCount "40"]
[EventDate "2018.07.08"]
[EventCountry "POL"]
[SourceTitle "playchess.com"]
[Source "ChessBase"]
[SourceQuality "1"]

{[%evp 9,40,30,47,41,38,31,104,107,106,108,126,116,172,162,230,226,217,164,191,0,18,0,0,-10,22,-265,-258,-445,-433,-486,-477,-636,-624]} 1. d4 {Mokal,P} d5 2. c4 e6 3. Nf3 a6 4. Bg5 f6 5. Bd2 dxc4 6. e3 {[%cal Be2e3,Be3e4][%mdl 32] D30: Queen's Gambit Declined: Systems without Nc3} b5 $146 ({Predecessor:} 6... Nc6 7. Bxc4 Bd6 8. e4 Nge7 9. O-O O-O 10. Qb3 Kh8 11. Bxe6 Bxh2+ 12. Kxh2 {1-0 (34) Hammer,J (2677)-Carlsen,M (2876) Stavanger 2015 CBM 167 [Mokal,P]}) 7. a4 {[%cal Ba2a4,Ba4a5][%mdl 32] [#] axb5 is the strong threat.} b4 ({Better is} 7... Bb7 $14) 8. Bxc4 $16 {White is better.} Nc6 9. a5 Bd6 10. e4 Qe7 (10... Nge7 $16) 11. O-O $18 Bd7 (11... Qf7 {was called for.} 12. Be3 Nge7) 12. Qc2 Nh6 13. e5 fxe5 14. Bg5 $2 (14. dxe5 $18 Bxe5 15. Bxh6 (15. Nxe5 Nxe5 16. Qe4 Nc6 $16) 15... gxh6 16. Nxe5 Nxe5 17. Qe4) 14... Nxd4 $11 15. Nxd4 Qxg5 16. Nxe6 Qg6 17. Qb3 $2 {[%mdl 8192]} (17. Qxg6+ $11 {and White stays safe.} hxg6 18. Nd2) 17... Ke7 $19 {[%cal Rd7e6]} 18. Nd4 $2 (18. Nxc7 Bxc7 19. Nd2) 18... exd4 {Black is clearly winning.} 19. Re1+ Kd8 20. Qf3 {[#]} Bc6 $1 {Precision: White = 52%, Black = 39%.} 0-1

[Event "XVIII Najdorf Open 2018"]
[Site "Warsaw"]
[Date "2018.07.16"]
[Round "9"]
[White "Miroshnichenko, Pavel"]
[Black "Kokoszczynski, Jan"]
[Result "1-0"]
[WhiteElo "2304"]
[BlackElo "2111"]
[Annotator "TA"]
[PlyCount "79"]
[EventDate "2018.07.08"]
[EventCountry "POL"]
[SourceTitle "playchess.com"]
[Source "ChessBase"]
[SourceQuality "1"]

{[%evp 19,79,-3,30,24,52,56,39,44,70,54,83,88,238,239,238,216,246,229,356,361,257,56,97,89,99,69,90,27,33,33,31,27,93,70,83,55,106,87,91,56,93,82,86,34,86,15,34,8,8,8,8,15,12,13,47,32,185,180,175,139,29997,29998]} 1. e4 c5 2. Nf3 Nc6 3. Nc3 d6 4. d4 cxd4 5. Nxd4 Nf6 6. f4 e6 7. Nf3 Be7 8. Bd3 O-O 9. O-O a6 10. Kh1 e5 {LiveBook: 3 Games. B82: Sicilian Scheveningen: 6 f4} 11. Qe1 b5 12. a4 bxa4 {White is slightly better.} 13. Rxa4 $146 ({Predecessor:} 13. Nd5 Rb8 14. Rxa4 a5 15. Nxe7+ Qxe7 16. fxe5 dxe5 {½-½ (90) Pichler,J (2425)-Balster,S (2200) Gelsenkirchen 1991}) 13... exf4 14. Bxf4 Re8 15. Nd5 Nxd5 (15... Bd7 $16) 16. exd5 $18 Bf6 17. Re4 Ne7 18. Bg5 Bxg5 (18... Bf5 {keeps fighting.}) 19. Nxg5 Bf5 20. Qf2 $2 (20. Nxf7 $1 $18 Kxf7 21. g4) 20... f6 {[#]} ({Don't blunder} 20... Bxe4 $2 21. Qxf7+ Kh8 22. Ne6 $18 (22. Bxe4 Rf8 $14) (22. Nxe4 Ng6 $15)) 21. Ne6 $1 {[%cal Re6d8]} ({Of course not} 21. Rxe7 $6 Bxd3 22. Rxe8+ Qxe8 $11) 21... Bxe6 22. Rxe6 {Black must now prevent Rfe1.} Ng6 23. Bxg6 (23. Rfe1 $16 Rxe6 24. dxe6) 23... hxg6 $11 24. Rfe1 Rxe6 25. dxe6 $14 {[%mdl 4096] Endgame KQR-KQR} Qe7 (25... Qa5 $11 {keeps the balance.}) 26. Qg3 $36 {[%mdl 2048] White has good play.} g5 27. Qa3 Rb8 (27... g6 $14) 28. b3 $16 Ra8 29. Qa5 g6 30. Qb6 a5 31. Qc6 ({White should play} 31. h3 $16) 31... Ra7 (31... Re8 $14) 32. Qd5 ({Better is} 32. h3 $16) 32... Rc7 $11 33. Qxa5 Rxc2 34. h3 g4 35. Qa8+ Kg7 $1 36. hxg4 f5 {( -> ...Qh4+)} 37. Kg1 {And now gxf5 would win.} Qh4 $2 {[#]} (37... fxg4 $14 38. Rf1 g3) 38. Qa7+ $1 $18 Kg8 39. Ra1 {White wants to mate with Qf7+.} Qg3 $2 {[%mdl 8192]} (39... Qf6 $16) 40. Qf7+ {Precision: White = 42%, Black = 32%.} 1-0

[Event "XVIII Najdorf Open 2018"]
[Site "Warsaw"]
[Date "2018.07.16"]
[Round "9"]
[White "Michalczak, Thomas"]
[Black "Kubicka, Anna"]
[Result "1/2-1/2"]
[WhiteElo "2298"]
[BlackElo "2172"]
[Annotator "TA"]
[PlyCount "64"]
[EventDate "2018.07.08"]
[EventCountry "POL"]
[SourceTitle "playchess.com"]
[Source "ChessBase"]
[SourceQuality "1"]

{[%evp 32,64,29,33,26,0,0,0,0,0,0,0,0,0,0,0,0,0,0,0,0,0,0,0,18,18,18,18,21,21,27,0,0,0,0]} 1. e4 c5 2. Nf3 d6 3. d4 cxd4 4. Nxd4 Nf6 5. Nc3 a6 6. f3 e5 7. Nb3 Be7 8. Be3 Be6 9. Qd2 O-O 10. O-O-O Nbd7 11. g4 b5 12. g5 b4 13. gxf6 {B90: Sicilian Najdorf: Unusual White 6th moves, 6 Be3 Ng4 and 6 Be3 e5} (13. Na4 Nh5 14. Qxb4 Bxg5 15. Bxg5 Qxg5+ 16. Kb1 Qf6 17. Qxd6 Qxf3 18. Rg1 Qe3 19. Bxa6 Nhf6 20. Rge1 Qa7 {1-0 (43) Yu,Y (2760)-Duda,J (2724) Liaocheng 2018}) 13... bxc3 14. Qxc3 Nxf6 15. Na5 Rc8 16. Nc6 Qc7 17. Nxe7+ {LiveBook: 17 Games} Qxe7 18. Qa3 Qc7 {[%csl Gc8][%cal Rc7c2] [#]} 19. Rd2 d5 {[%cal Bd6d5,Bd5d4][%mdl 32]} 20. Bg5 $146 {Threatens to win with Bxf6.} ({Predecessor:} 20. Rg1 Kh8 {0-1 (42) Blazkova,P (2244)-Lahner,J (2294) Czechia 2006}) 20... d4 $1 21. Rg1 (21. Bxa6 Ra8 $15) 21... Kh8 22. Bxf6 ({But not} 22. Qxa6 $2 Ra8 $19) 22... gxf6 23. Rdg2 ({Reject} 23. Bxa6 Ra8 $17) 23... a5 24. Qd3 Rg8 25. Rxg8+ Rxg8 26. Rxg8+ Kxg8 27. a3 {[%cal Ba2a3,Ba3b4][%mdl 32]} Kg7 28. b4 axb4 29. axb4 Qa7 30. Qa6 Qc7 {White should prevent ...Qc3.} 31. Qd3 Qa7 32. Qa6 Qc7 {Precision: White = 92%, Black = 96%.} 1/2-1/2

[Event "XVIII Najdorf Open 2018"]
[Site "Warsaw"]
[Date "2018.07.16"]
[Round "9"]
[White "Walter, Szymon"]
[Black "Rakesh, Kumar Jena"]
[Result "0-1"]
[WhiteElo "2296"]
[BlackElo "2385"]
[Annotator "TA"]
[PlyCount "56"]
[EventDate "2018.07.08"]
[EventCountry "POL"]
[SourceTitle "playchess.com"]
[Source "ChessBase"]
[SourceQuality "1"]

{[%evp 13,56,46,36,25,27,39,14,0,14,34,29,27,35,-23,-6,-18,0,-14,-18,-17,-20,-20,-26,-58,-17,-18,-29,-62,-29,-24,-9,-274,-24,-13,-9,-22,-24,-155,-153,-134,-125,-346,-316,-395,-389]} 1. e4 d6 2. d4 g6 3. Nc3 Bg7 4. Be3 a6 5. Qd2 b5 6. O-O-O Bb7 {B06: Moderne Verteidigung} (6... Nd7 7. h4 h6 8. f4 h5 9. Nf3 Nb6 10. Bd3 Nh6 11. Rhf1 Ng4 12. Bg1 b4 13. Ne2 a5 14. Kb1 Ba6 15. Bxa6 Rxa6 {1-0 (34) Morozevich,A (2676)-Vavulin,M (2575) Moscow 2017}) 7. f3 Nd7 {LiveBook: 126 Partien} 8. d5 c5 {Weiß hat minimalen Vorteil.} 9. dxc6 Bxc6 10. Nge2 Ne5 {[#] Droht ...b4 und aus.} 11. Nd4 Bb7 12. Kb1 $146 ({Vorgänger:} 12. g4 Rc8 13. h4 h5 14. g5 Nc4 15. Bxc4 Rxc4 {1-0 (37) Bromberger,S-Dobos,J (2355) Rieden 1996}) 12... Rc8 13. Nd5 (13. a4 $14) 13... Bxd5 $11 14. exd5 Nf6 15. f4 Nc4 16. Bxc4 $1 bxc4 17. Nc6 Qd7 18. Rhe1 Nxd5 {...Db7 ist eine echte Drohung.} 19. Bd4 c3 20. Qf2 Bxd4 ({Viel schlechter ist} 20... Rxc6 $6 21. Bxg7 Rg8 22. Rxd5 $11) 21. Qxd4 {[%cal Rd4h8]} Qxc6 22. Qxh8+ Kd7 23. Qd4 cxb2 $40 {[%csl Gc8][%cal Rc6c2][%mdl 128] Weiss muss sich nun genau verteidigen.} 24. c4 (24. Rd2 $5 {[%cal Rd4d5]} e6 25. g3 $11) 24... Nb6 25. Qxb2 ({Viel schwächer wäre} 25. Kxb2 Nxc4+ 26. Ka1 Na3 $17) (25. c5 $1 $11 {war der einzige Weg, das Gleichgewicht zu behalten.}) 25... Nxc4 $17 26. Qc3 Qa4 27. Ka1 $2 {[#]} (27. Rd3 $17) 27... Na3 $1 $19 28. Qh3+ e6 {Precision: Weiß = 27%, Schwarz = 75%.} 0-1

[Event "XVIII Najdorf Open 2018"]
[Site "Warsaw"]
[Date "2018.07.16"]
[Round "9"]
[White "Monnisha, GK."]
[Black "Zaleski, Lukasz"]
[Result "1-0"]
[WhiteElo "2292"]
[BlackElo "2029"]
[Annotator "RC"]
[PlyCount "173"]
[EventDate "2018.07.08"]
[EventCountry "POL"]
[SourceTitle "playchess.com"]
[Source "ChessBase"]
[SourceQuality "1"]

1. e4 e6 2. d4 d5 3. Nc3 Nf6 4. e5 Nfd7 5. f4 c5 6. Nf3 Nc6 7. Be3 Be7 8. Qd2 O-O 9. dxc5 Nxc5 10. O-O-O a6 11. Nd4 Qc7 12. Bd3 Nxd3+ 13. Qxd3 f6 14. exf6 Bxf6 15. g3 b5 16. Nxc6 Qxc6 17. Bd4 Be7 18. Rhe1 b4 19. Ne2 a5 20. Kb1 a4 21. Nc1 Bd7 22. Rd2 Bd6 23. Be5 Bc5 24. Qe2 Qb6 25. Nd3 Be7 26. Qe3 Qxe3 27. Rxe3 g6 28. Bd4 Rfc8 29. Ne5 Bb5 30. Ng4 Ra6 31. h4 b3 32. a3 bxc2+ 33. Rxc2 Rxc2 34. Kxc2 Rc6+ 35. Kd2 Rc4 36. Bf6 Bxf6 37. Nxf6+ Kg7 38. Rxe6 Rd4+ 39. Ke1 Rd3 40. g4 Kf7 41. Rb6 Bc4 42. Nxh7 Re3+ 43. Kf2 d4 44. Ng5+ Ke7 45. f5 Re2+ 46. Kf3 d3 47. f6+ Kd7 48. f7 Bd5+ 49. Kf4 Rf2+ 50. Ke5 Bc6 51. Rb4 d2 52. Rd4+ Ke7 53. h5 gxh5 54. gxh5 Bd7 55. h6 Rf5+ 56. Ke4 Rxg5 57. f8=Q+ Kxf8 58. Rxd7 Rg2 59. h7 Re2+ 60. Kf3 Rh2 61. Rxd2 Rxh7 62. Rd4 Rh2 63. Rb4 Ke7 64. Ke3 Kd6 65. Kd3 Kc5 66. Kc3 Rh3+ 67. Kc2 Rh2+ 68. Kb1 Rg2 69. Rxa4 Kb5 70. Rh4 Ka5 71. Ka2 Rf2 72. a4 Rf3 73. b3 Rf1 74. Rh5+ Kb4 75. Rb5+ Kc3 76. a5 Rg1 77. Rb6 Rg5 78. b4 Kc4 79. a6 Rg2+ 80. Kb1 Kb3 81. Kc1 Ra2 82. b5 Kc4 83. Rb7 Kc5 84. a7 Ra1+ 85. Kb2 Ra4 86. b6 Kc6 87. Rb8 1-0

[Event "XVIII Najdorf Open 2018"]
[Site "Warsaw"]
[Date "2018.07.16"]
[Round "9"]
[White "Pacan Milej, Kosma"]
[Black "Molenda, Marcin"]
[Result "1-0"]
[WhiteElo "2282"]
[BlackElo "2382"]
[Annotator "TA"]
[PlyCount "77"]
[EventDate "2018.07.08"]
[EventCountry "POL"]
[SourceTitle "playchess.com"]
[Source "ChessBase"]
[SourceQuality "1"]

{[%evp 21,77,17,30,0,0,0,56,40,83,42,47,62,121,100,228,189,189,195,181,194,198,184,191,179,241,182,185,178,685,672,493,246,274,234,309,219,215,212,225,241,223,241,332,328,369,360,694,680,1457,1221,1519,1481,758,924,29990,29991,29992,29992]} 1. d4 Nf6 2. c4 e6 3. Nf3 d5 4. Nc3 Bb4 5. Bg5 Nbd7 6. cxd5 exd5 7. Rc1 O-O 8. e3 c5 9. Bd3 Qa5 10. O-O c4 11. Bb1 Re8 {LiveBook: 3 Games. D38: Queen's Gambit Declined: Ragozin Defence (4 Nf3 Bb4)} 12. Bxf6 Nxf6 13. Ne5 Bd6 (13... Bxc3 $11 14. bxc3 Be6) 14. f4 $1 $14 b5 15. a3 b4 $146 ({Predecessor:} 15... Qb6 16. Qf3 Bb7 17. g4 Rad8 18. g5 Ne4 19. Nxe4 dxe4 20. Bxe4 Bxe4 21. Qxe4 Bxe5 22. fxe5 {1-0 (62) Sasikiran,K (2654)-Vasilevich,T (2393) playchess.com INT 2004}) 16. axb4 Qxb4 ({Black should play} 16... Bxb4 $14 17. Qf3 Bxc3 18. bxc3 (18. Rxc3 Rb8 $11) 18... Qb5) 17. Qf3 $16 Qa5 (17... Bb7 $16) 18. g4 {[%cal Bg2g4,Bg4g5][%mdl 32] [#] Hoping for g5.} Bb7 19. g5 Ne4 20. Nxe4 dxe4 21. Bxe4 Bxe4 22. Qxe4 Rab8 (22... Qc7 {was called for.} 23. Qd5 Bxe5) 23. Rf2 ({Resist} 23. Rxc4 $6 Rxb2 24. Rc2 Rxc2 $16) 23... Bxe5 24. fxe5 Rb3 $2 (24... Qa6 25. Qf5 Rb7) 25. Rcf1 $18 Qd8 26. h4 (26. Rxf7 $142 Rxb2 27. h4) 26... Re7 {[%cal Be8e7,Be7b7,Bb7b5][%mdl 32]} 27. h5 {aiming for g6.} Reb7 28. Qf4 R3b6 29. Rg2 g6 30. hxg6 Rxg6 31. Qe4 Rb5 32. Rf6 {[#] e6 is the strong threat.} Kg7 33. Qf4 Qe7 $2 (33... Rb7 34. e6 fxe6) 34. Rf2 {[%cal Rf6f7]} Rb7 35. d5 {[%cal Bd4d5,Bd5d6,Bd6d7][%mdl 32]} Kg8 36. d6 Qd8 37. e6 {[%cal Re6f7]} Rg7 38. d7 Kh8 39. Rxf7 {Precision: White = 81%, Black = 29%.} 1-0

[Event "XVIII Najdorf Open 2018"]
[Site "Warsaw"]
[Date "2018.07.16"]
[Round "9"]
[White "Gurvich, Vitaly"]
[Black "Nurkiewicz, Maciej"]
[Result "1/2-1/2"]
[WhiteElo "2274"]
[BlackElo "2368"]
[Annotator "TA"]
[PlyCount "82"]
[EventDate "2018.07.08"]
[EventCountry "POL"]
[SourceTitle "playchess.com"]
[Source "ChessBase"]
[SourceQuality "1"]

{[%evp 12,82,18,10,17,15,13,1,14,-1,0,2,10,-8,-9,-8,2,8,13,10,61,62,63,25,29,6,14,0,0,0,0,0,0,0,0,0,0,0,0,0,0,0,1,1,6,0,0,0,0,0,0,0,0,0,0,0,0,0,0,0,0,0,0,0,0,0,0,0,0,0,0,0,0]} 1. d4 Nf6 2. c4 e6 3. Nf3 Bb4+ 4. Bd2 Qe7 5. Nc3 b6 6. a3 {E11: Damenindisch (Bogoljubow-Variante)} (6. e3 O-O 7. Bd3 Bb7 8. O-O a5 9. a3 Bxc3 10. Bxc3 Ne4 11. Be1 f5 12. Nd2 Ng5 13. f4 Nf7 14. e4 Nh6 15. Qe2 d6 16. Nf3 {1-0 (40) Shankland,S (2661)-Saric,I (2660) Biel 2016}) 6... Bxc3 7. Bxc3 {LiveBook: 4 Partien} Ne4 8. Rc1 Bb7 9. g3 O-O 10. Bg2 d6 11. O-O Nd7 12. b3 $146 ({Vorgänger:} 12. d5 Nxc3 13. Rxc3 e5 {1-0 (36) Csiszar,C (2431)-Vertetics,A (2414) Hungary 2015}) 12... Nxc3 13. Rxc3 a5 14. d5 e5 15. e4 f5 ({Lieber} 15... Nc5 $11) 16. exf5 $14 Rxf5 17. Nd2 Rff8 18. Ne4 Nc5 {Die Stellung ist ausgeglichen.} 19. b4 axb4 20. axb4 Nxe4 21. Bxe4 Bc8 22. Qc2 g6 23. c5 bxc5 24. bxc5 Bf5 25. cxd6 cxd6 26. Bxf5 Rxf5 27. Rc7 Qf6 28. Rc8+ (28. Rb1 {with more complications.} Rf8 29. Rc8 Qe7 30. Rxf8+ Rxf8 31. Rb6) 28... Rxc8 29. Qxc8+ $11 {[%mdl 4096] Endspiel KDT-KDT} Qf8 30. Qe6+ Kg7 31. Rc1 Rxf2 {Und ...Tf7 würde nun gewinnen.} 32. Rc7+ Rf7 33. Rxf7+ Qxf7 34. Qxd6 {KD-KD} Qf5 35. Qc7+ Kh6 36. d6 {[#] zielt auf d7 ab.} Qd3 37. d7 Qd1+ 38. Kf2 Qd2+ $1 39. Kf1 Qd1+ $1 40. Kf2 Qd2+ $1 41. Kf1 Qd1+ $1 {Precision: Weiß = 65%, Schwarz = 79%.} 1/2-1/2